Merged NBA Logos - Tile Select Version - Statistics

General Stats
  • This quiz has been taken 6,220 times
  • The average score is 135 of 150
Answer Stats
Question Tile Select % Correct
Charlotte
Hornets
No
98%
Dallas
Mavericks
No
98%
Denver
Nuggets
No
98%
Golden State
Warriors
No
98%
Memphis
Grizzlies
No
98%
New York
Knicks
No
98%
Oklahoma City
Thunder
No
98%
Sacramento
Kings
No
98%
Atlanta
Hawks
No
94%
Chicago
Bulls
No
94%
Cleveland
Cavaliers
No
94%
Houston
Rockets
No
94%
Los Angeles
Lakers
No
94%
Memphis
Grizzlies
No
94%
Minnesota
Timberwolves
No
94%
New Orleans
Pelicans
No
94%
Portland
Trail Blazers
No
94%
San Antonio
Spurs
No
94%
Denver
Nuggets
No
93%
Golden State
Warriors
No
93%
Houston
Rockets
No
93%
Indiana
Pacers
No
93%
Los Angeles
Clippers
No
93%
Milwaukee
Bucks
No
93%
Milwaukee
Bucks
No
93%
Philadelphia
76ers
No
93%
Phoenix
Suns
No
93%
Sacramento
Kings
No
93%
Utah
Jazz
No
93%
Washington
Wizards
No
93%
Atlanta
Hawks
No
92%
Boston
Celtics
No
92%
Cleveland
Cavaliers
No
92%
Dallas
Mavericks
No
92%
Detroit
Pistons
No
92%
Detroit
Pistons
No
92%
Detroit
Pistons
No
92%
Indiana
Pacers
No
92%
Los Angeles
Clippers
No
92%
Los Angeles
Lakers
No
92%
Miami
Heat
No
92%
Minnesota
Timberwolves
No
92%
Oklahoma City
Thunder
No
92%
Orlando
Magic
No
92%
Toronto
Raptors
Yes
92%
Toronto
Raptors
No
92%
Utah
Jazz
Yes
92%
Utah
Jazz
No
92%
Utah
Jazz
No
92%
Washington
Wizards
No
92%
Brooklyn
Nets
Yes
91%
Charlotte
Hornets
Yes
91%
Charlotte
Hornets
No
91%
Chicago
Bulls
No
91%
Cleveland
Cavaliers
No
91%
Denver
Nuggets
No
91%
Golden State
Warriors
No
91%
Los Angeles
Lakers
No
91%
New York
Knicks
No
91%
Orlando
Magic
No
91%
Portland
Trail Blazers
No
91%
Toronto
Raptors
No
91%
Atlanta
Hawks
No
90%
Atlanta
Hawks
No
90%
Boston
Celtics
No
90%
Boston
Celtics
No
90%
Brooklyn
Nets
No
90%
Brooklyn
Nets
No
90%
Brooklyn
Nets
No
90%
Charlotte
Hornets
No
90%
Chicago
Bulls
No
90%
Dallas
Mavericks
No
90%
Denver
Nuggets
No
90%
Detroit
Pistons
No
90%
Golden State
Warriors
No
90%
Houston
Rockets
No
90%
Indiana
Pacers
No
90%
Los Angeles
Clippers
No
90%
Memphis
Grizzlies
Yes
90%
Memphis
Grizzlies
No
90%
Miami
Heat
No
90%
Miami
Heat
No
90%
Milwaukee
Bucks
No
90%
New Orleans
Pelicans
No
90%
New Orleans
Pelicans
No
90%
Oklahoma City
Thunder
No
90%
Orlando
Magic
No
90%
Philadelphia
76ers
No
90%
Phoenix
Suns
No
90%
Portland
Trail Blazers
No
90%
Sacramento
Kings
No
90%
San Antonio
Spurs
No
90%
San Antonio
Spurs
No
90%
Toronto
Raptors
No
90%
Washington
Wizards
No
90%
Atlanta
Hawks
No
89%
Boston
Celtics
No
89%
Brooklyn
Nets
No
89%
Charlotte
Hornets
No
89%
Chicago
Bulls
No
89%
Cleveland
Cavaliers
No
89%
Golden State
Warriors
No
89%
Houston
Rockets
No
89%
Los Angeles
Lakers
No
89%
Memphis
Grizzlies
No
89%
Milwaukee
Bucks
No
89%
Minnesota
Timberwolves
No
89%
New Orleans
Pelicans
No
89%
New York
Knicks
No
89%
New York
Knicks
No
89%
Oklahoma City
Thunder
No
89%
Orlando
Magic
No
89%
Philadelphia
76ers
No
89%
Phoenix
Suns
No
89%
Portland
Trail Blazers
No
89%
Sacramento
Kings
No
89%
San Antonio
Spurs
No
89%
Utah
Jazz
No
89%
Washington
Wizards
No
89%
Chicago
Bulls
Yes
88%
Dallas
Mavericks
No
88%
Minnesota
Timberwolves
Yes
88%
Orlando
Magic
No
88%
Portland
Trail Blazers
No
88%
Denver
Nuggets
Yes
87%
Golden State
Warriors
Yes
87%
Houston
Rockets
Yes
87%
Philadelphia
76ers
No
87%
Washington
Wizards
No
87%
Atlanta
Hawks
Yes
86%
Portland
Trail Blazers
Yes
86%
Boston
Celtics
Yes
85%
Indiana
Pacers
Yes
85%
Los Angeles
Lakers
Yes
85%
Cleveland
Cavaliers
Yes
84%
Detroit
Pistons
Yes
84%
Phoenix
Suns
Yes
84%
San Antonio
Spurs
Yes
84%
New Orleans
Pelicans
Yes
83%
Oklahoma City
Thunder
No
83%
Oklahoma City
Thunder
Yes
83%
Orlando
Magic
Yes
83%
Philadelphia
76ers
Yes
83%
Sacramento
Kings
Yes
83%
Milwaukee
Bucks
Yes
82%
Dallas
Mavericks
Yes
81%
Washington
Wizards
Yes
81%
Miami
Heat
Yes
80%
New York
Knicks
Yes
72%
Los Angeles
Clippers
Yes
70%
No matching quizzes found
Score Distribution
Percent of People with Each Score
Percentile by Number Answered
Your Score History
You have not taken this quiz